Target GO International Collections Quiz Stats

 Plays Quiz not verified by Sporcle

Score 0/22 Timer 06:00
0 Plays Today
Season Designer % Correct
April 2010Zac Posen
100%
December 2008Thakoon Panichgul
66.7%
January 2006Luella Bartley
33.3%
November 2006Behnaz Sarafpour
33.3%
February 2007Proenza Schouler
33.3%
July 2007Libertine
33.3%
September 2007Alice Temperley
33.3%
November 2007Erin Fetherston
33.3%
March 2008Jovovich-Hawk
33.3%
May 2008Rogan
33.3%
October 2008Jonathan Saunders
33.3%
Season Designer % Correct
March 2009McQ by Alexander McQueen
33.3%
May 2009Tracy Feith
33.3%
September 2009Anna Sui
33.3%
December 2009Rodarte
33.3%
March 2010Jean Paul Gaultier
33.3%
December 2005Fiorucci
0%
May 2006Tara Jarmon
0%
August 2006Paul and Joe by Sophie Albou
0%
May 2007Patrick Robinson
0%
August 2008Richard Chai
0%
December 2010William Rast
0%

You're not logged in!

Compare scores with friends on all Sporcle quizzes.
OR
Log In

Show Comments

Extras

Top Quizzes Today


Score Distribution

Your Account Isn't Verified!

In order to create a playlist on Sporcle, you need to verify the email address you used during registration. Go to your Sporcle Settings to finish the process.

Report this User

Report this user for behavior that violates our Community Guidelines.

Details: